000 00717nam a22001935i 4500
001 156554
003 ES-MaACL
005 20230906210436.0
008 040803s1868 fr |||| | fre d
040 _aCAM
_bspa
_cCAM
100 1 _aKardec, Allan.
_967552
245 1 3 _aLa genèse, les miracles et les prédictions selon le spiritisme /
_cpar Allan Kardec.
260 _aParis :
_bLibrairie Internationale ;
_aBruxelles [etc] :
_bA. Lacroix, Verboeckhoven et c\pe\s éditeurs (
_eParis :
_fTyp. Rouge frères, Dunon et Fresné)
300 _aIV, 459 p. ;
_c18 cm.
650 4 _aEspiritismo.
_912502
650 4 _aMilagros.
_9136497
650 4 _aPredicciones.
_9136760
852 _aES-MaACL
_jC-3516
_z-- Enc. hol.
999 _c156554
_d156554